Myth of sisyphus and other essays (Record no. 1434994)
[ view plain ]
| 000 -LEADER | |
|---|---|
| fixed length control field | 00694nam a22002297a 4500 |
| 005 - DATE AND TIME OF LATEST TRANSACTION | |
| control field | 20250829144621.0 |
| 008 - FIXED-LENGTH DATA ELEMENTS--GENERAL INFORMATION | |
| fixed length control field | 250829b |||||||| |||| 00| 0 eng d |
| 037 ## - SOURCE OF ACQUISITION | |
| Terms of availability | TB |
| 040 ## - CATALOGING SOURCE | |
| Original cataloging agency | AL |
| Transcribing agency | AL |
| 041 ## - LANGUAGE CODE | |
| Source of code | Eng |
| Language code of text/sound track or separate title | English |
| 084 ## - COLON CLASSIFICATION NUMBER | |
| Classification number | O122,6N13x 111J5;P0 |
| Assigning agency | AL |
| 100 ## - MAIN ENTRY--PERSONAL NAME | |
| Personal name | by Camus, Albert |
| 9 (RLIN) | 819417 |
| 245 ## - TITLE STATEMENT | |
| Title | Myth of sisyphus and other essays |
| 260 ## - PUBLICATION, DISTRIBUTION, ETC. | |
| Place of publication, distribution, etc. | USA, New York. |
| Name of publisher, distributor, etc. | Alfred A Knopf |
| Date of publication, distribution, etc. | 2000 |
| 300 ## - PHYSICAL DESCRIPTION | |
| Extent | vi,212p. |
| 365 ## - TRADE PRICE | |
| Price amount | 4.99 |
| Currency code | GBP |
| 546 ## - LANGUAGE NOTE | |
| Language note | In english; Summaries in French |
| 650 ## - SUBJECT ADDED ENTRY--TOPICAL TERM | |
| Source of heading or term | ENGLISH LITERATURE |
| 700 ## - ADDED ENTRY--PERSONAL NAME | |
| Personal name | Camus, Albert |
| Relator term | Author |
| 942 ## - ADDED ENTRY ELEMENTS (KOHA) | |
| Source of classification or shelving scheme | Colon Classification (CC) |
| Koha item type | Textbook |
| Classification part | O122,6N13x 111J5;P0 |
| Suppress in OPAC | No |
| Withdrawn status | Lost status | Source of classification or shelving scheme | Damaged status | Not for loan | Home library | Current library | Date acquired | Source of acquisition | Inventory number | Total Checkouts | Full call number | Barcode | Date last seen | Price effective from | Koha item type |
|---|---|---|---|---|---|---|---|---|---|---|---|---|---|---|---|
| Colon Classification (CC) | Arts Library | Arts Library | 2025-08-29 | BSB | 87& 200-03-15 | O122,6N13x 111J5;P0 | AL1220481 | 2025-08-29 | 2025-08-29 | Textbook |
